书目信息 |
| 题名: |
冷冻干燥
|
|
| 作者: | 黑斯利, , 厄特延, 著 ;徐成海 , 彭润玲 , 刘军 译 | |
| 分册: | ||
| 出版信息: | 北京 化学工业出版社 2005.04 |
|
| 页数: | 371页 | |
| 开本: | 24cm | |
| 丛书名: | ||
| 单 册: | ||
| 中图分类: | TQ028.6 | |
| 科图分类: | ||
| 主题词: | 冷冻干燥--leng dong gan zao | |
| 电子资源: | ||
| ISBN: | 7-5025-6633-3 | |
| 000 | 01497nam0 2200325 450 | |
| 001 | 012006187281 | |
| 005 | 20060313141354.72 | |
| 010 | @a7-5025-6633-3@dCNY49.00 | |
| 100 | @a20060313d2005 km y0chiy0120 ea | |
| 101 | 1 | @achi@cger |
| 102 | @aCN@b110000 | |
| 105 | @aa a 000yy | |
| 200 | 1 | @a冷冻干燥@Aleng dong gan zao@f(德) G.-W.厄特延, P.黑斯利著@F(de)G.-W.e te yan,P.hei si li zhu@g徐成海 … [等] 译@Gxu cheng hai…[deng]yi |
| 210 | @a北京@c化学工业出版社@d2005.04 | |
| 215 | @a371页@c图@d24cm | |
| 304 | @a其他译者还有: 彭润玲, 刘军, 李勤。 | |
| 305 | @a译之原书第二版 | |
| 312 | @a英文并列题名取之版权页。 | |
| 320 | @a有书目。 | |
| 330 | @a本书不仅从理论上介绍了冻干的全过程(共7个阶段),而且利用许多实例详细解释每一阶段。作者根据多年经验,提供了一些在选择试验室、试验和生产设备很有用的标准,讨论了不同设备设计的优缺点及局限性。书中还用单独一节介绍了冻干工艺和设备的自动控制和如何将试验设备的条件和工艺参数转换成产品参数的方法,更新和扩充了冻干工艺和设备的资格鉴定指南,并集中介绍了故障诊断。本书还新引进了近在2002年的100篇文献,增加了100个图表。 | |
| 510 | 1 | @aFreeze-Drying@zeng |
| 606 | 0 | @a冷冻干燥@Aleng dong gan zao |
| 690 | @aTQ028.6@v4 | |
| 701 | 1 | @a黑斯利,@Ahei si li,@bP.@g(Haseley, Peter)@4著 |
| 701 | 1 | @a厄特延,@Ae te yan,@bG.-W.@g(Oetjen, G.-W.)@4著 |
| 702 | 0 | @a徐成海@Axu cheng hai@4译 |
| 702 | 0 | @a彭润玲@Apeng run ling@4译 |
| 702 | 0 | @a刘军@Aliu jun@4译 |
| 801 | 0 | @aCN@bQSSK@c20060313 |
| 905 | @a10447@dTQ028.6@eH375 | |
| 冷冻干燥/(德) G.-W.厄特延, P.黑斯利著/徐成海 … [等] 译.-北京:化学工业出版社,2005.04 |
| 371页:图;24cm |
| ISBN 7-5025-6633-3:CNY49.00 |
| 本书不仅从理论上介绍了冻干的全过程(共7个阶段),而且利用许多实例详细解释每一阶段。作者根据多年经验,提供了一些在选择试验室、试验和生产设备很有用的标准,讨论了不同设备设计的优缺点及局限性。书中还用单独一节介绍了冻干工艺和设备的自动控制和如何将试验设备的条件和工艺参数转换成产品参数的方法,更新和扩充了冻干工艺和设备的资格鉴定指南,并集中介绍了故障诊断。本书还新引进了近在2002年的100篇文献,增加了100个图表。 |
| ● |
| 相关链接 |
|
|
|
正题名:冷冻干燥
索取号:TQ028.6/H375
 
预约/预借
| 序号 | 登录号 | 条形码 | 馆藏地/架位号 | 状态 | 备注 |
| 1 | 555995 | 205559956 | 自科库501/501自科库 138排1列1层/ [索取号:TQ028.6/H375] | 在馆 | |
| 2 | 555996 | 205559965 | 材料与化工学院资料室/ [索取号:TQ028.6/H375] | 在馆 | |
| 3 | 555997 | 205559974 | 自科库501/501自科库 138排1列1层/ [索取号:TQ028.6/H375] | 在馆 |